| 000 | 00764nam a2200253 a 4500 | ||
|---|---|---|---|
| 008 | |||
| 020 | _a0070167265 (pbk.) | ||
| 049 | _aMAIN | ||
| 090 |
_aHF5635 _b ZEF |
||
| 100 | _aZeff, Stephen A. | ||
| 245 | 0 | 0 |
_aReadings and notes on financial accounting : _bissues and controversies / _cStephen A. Zeff and Bala G. Dharan. |
| 250 | _a4th ed. | ||
| 260 |
_aNew York : _bMcGraw-Hill, _c1994. |
||
| 300 |
_axvii, 782 p. ; _c24 cm. |
||
| 504 | _aIncludes bibliographical references. | ||
| 650 | 0 | _aAccounting. | |
| 650 | _aFinancial Accounting | ||
| 700 | 1 | _aDharan, Bala G. | |
| 907 |
_a.b10153408 _b21-03-14 _c23-02-05 |
||
| 003 | |||
| 005 | 20230123134413.0 | ||
| 040 | _cNUST | ||
| 942 |
_cBOOKS _kHF5635 _m ZEF |
||
| 999 |
_c165312 _d165312 |
||